Značka - nástroj identifikácie

Značka produktu plní identifikačný a komunikačný účel. Pravidlá, ktoré treba rešpektovať pri tvorbe značky. Proces tvorby značky. Súčasné trendy v manažmente značky. Postoj spotrebiteľa k značke.

Gespeichert in:
Bibliographische Detailangaben
1. Verfasser: Horská, Elena
Format: Buchkapitel
Sprache:Slowakisch
Schlagworte:
Tags: Tag hinzufügen
Keine Tags, Fügen Sie das erste Tag hinzu!

MARC

LEADER 00000naa a2200000 4500
001 r045839
005 20231002114501.5
041 0 |a slo 
044 |a SK 
245 1 0 |a Značka - nástroj identifikácie  |c Elena Horská 
520 |a Značka produktu plní identifikačný a komunikačný účel. Pravidlá, ktoré treba rešpektovať pri tvorbe značky. Proces tvorby značky. Súčasné trendy v manažmente značky. Postoj spotrebiteľa k značke. 
610 2 0 |a značky výrobkov 
610 2 0 |a spotrebitelia 
610 2 0 |a zákazníci 
610 2 0 |a prieskum spotrebiteľský 
100 1 |a Horská, Elena